Abbecedario con sillabe per imparare facilmente a sillabare prima di leggere : con l'aggiunta di varie orazioni

Saved in:
Bibliographic Details
Format: Book
Language:Italian
Published: Torino : [s.n.], 1837
Textbook Catalogue:EDISCO:  Library Catalog Search Result
Textbook Classification:
Subjects:
Tags: Add Tag
No Tags, Be the first to tag this record!
Added to:2016-04-30
Changed in:2017-10-04

MARC

LEADER 00000aam a22000001 4500
001 24774
003 OSt
005 20171004091004.0
008 160501s1837 it 000 0 ita
040 |c Anna Di Paola 
041 1 |a ita 
245 0 0 |a Abbecedario con sillabe per imparare facilmente a sillabare prima di leggere :   |b con l'aggiunta di varie orazioni 
260 |a Torino :   |b [s.n.],   |c 1837 
300 |a 52 p. ;   |c in 24° 
546 |a ita 
650 4 |a Italiano  |9 900 
655 |a Abaco  |9 3583  |a Abbecedario  |9 3410 
690 |a Gioventù studiosa  |9 120 
901 |a 1 
942 |2 ddc  |c BK 
999 |c 24739  |d 24739 
999 |c edisco:24739  |d 24739